000 00365 a2200169 4500
001 191683
020 _a85-262-5214-3
040 _cMagnum
100 _aLima, Edy
240 1 0 _aMelhor que a encomenda
_lpor
245 1 0 _aMelhor que a encomenda
300 _a55
362 0 _a2004
440 1 _aScipione
697 _aLITERATURA INFANTO-JUVENIL
942 _cBK
999 _c191683
_d191683